00677nam a2200145Ia 4500008004100000020001500041082001800056100003800074245008100112260005500193300002400248500006900272505014800341650004200489120622s9999 xx 000 0 und d a9702608538 a004.1bS551in aSánchez Montúfar, Luiseautor aInformática Ib : un enfoque constructivista c/ Luis Sánchez Montúfar aMéxicob: Pearson Educación ; Prentice Hallc, axiii, 258 páginas aIncluye: ejercicios (pp. ) resúmen (pp. ) actividades (pp. ) aIntroducción al estudio de la informática.- Sistema operativo.- Programas didácticos y programas de consulta.- Procesadores de palabras.-14aINFORMÁTICA xESTUDIO Y ENSEÑANZA